000 00366nam a2200133 i 4500
001 bg
100 1 _aNIEMCZYK, Ernest
245 0 _aAltopie kultury i artystyczne wizje na przykładzie domów własnych architektów /
_cErnest Niemczyk.
260 _aWrocław,
_c1982.
040 _cBPK
041 _apol
942 _cKS
008 s pl f |000 0 pol
999 _c20385
_d20385
856 _uhttp://koha.tu.koszalin.pl/cgi-bin/koha/opac-detail.pl?biblionumber=20385
_yKatalog online BPK